Dr. S. R. Lasker Library Online Catalogue

Home      Library Home      Institutional Repository      E-Resources      MyAthens      EWU Home

Applied numerical methods using MATLAB / (Record no. 8535)

MARC details
000 -LEADER
fixed length control field 01277cam a22003494a 4500
001 - CONTROL NUMBER
control field 8535
003 - CONTROL NUMBER IDENTIFIER
control field BD-DhEWU
005 - DATE AND TIME OF LATEST TRANSACTION
control field 20180718150109.0
008 - FIXED-LENGTH DATA ELEMENTS--GENERAL INFORMATION
fixed length control field 040610s2005 njua b 001 0 eng
020 ## - INTERNATIONAL STANDARD BOOK NUMBER
International Standard Book Number 0471698334 (cloth)
040 ## - CATALOGING SOURCE
Original cataloging agency DLC
Transcribing agency DLC
Modifying agency DLC
Language of cataloging eng
041 ## - LANGUAGE CODE
Language code of text/sound track or separate title eng
050 00 - LIBRARY OF CONGRESS CALL NUMBER
Classification number QA297
Item number .A685 2005
082 04 - DEWEY DECIMAL CLASSIFICATION NUMBER
Classification number 518
Edition number 22
Item number YAA 2005
245 00 - TITLE STATEMENT
Title Applied numerical methods using MATLAB /
Statement of responsibility, etc Won Young Yang ... [et al.].
260 ## - PUBLICATION, DISTRIBUTION, ETC. (IMPRINT)
Place of publication, distribution, etc Hoboken, N.J. :
Name of publisher, distributor, etc Wiley-Interscience,
Date of publication, distribution, etc c2005.
300 ## - PHYSICAL DESCRIPTION
Extent xiv, 509 p. :
Other physical details ill. ;
Dimensions 25 cm.
504 ## - BIBLIOGRAPHY, ETC. NOTE
Bibliography, etc Includes bibliographical references (p. 497-498) and indexes.
526 ## - STUDY PROGRAM INFORMATION NOTE
Program name EEE
590 ## - LOCAL NOTE (RLIN)
Local note Shawkat Ali
650 #0 - SUBJECT ADDED ENTRY--TOPICAL TERM
Topical term or geographic name as entry element Numerical analysis
General subdivision Data processing.
9 (RLIN) 22745
700 1# - ADDED ENTRY--PERSONAL NAME
Personal name Yang, Wŏn-yŏng,
Dates associated with a name 1953-
9 (RLIN) 22816
856 41 - ELECTRONIC LOCATION AND ACCESS
Materials specified Table of contents only
Uniform Resource Identifier http://www.loc.gov/catdir/toc/ecip0418/2004013108.html
Materials specified Contributor biographical information
Uniform Resource Identifier http://www.loc.gov/catdir/enhancements/fy0616/2004013108-b.html
Materials specified Publisher description
Uniform Resource Identifier http://www.loc.gov/catdir/enhancements/fy0616/2004013108-d.html
Materials specified E-book Fulltext
Uniform Resource Identifier http://lib.ewubd.edu/ebook/8535
942 ## - ADDED ENTRY ELEMENTS (KOHA)
Source of classification or shelving scheme Dewey Decimal Classification
Koha item type E-Book
Holdings
Withdrawn status Lost status Source of classification or shelving scheme Damaged status Not for loan Collection code Home library Current library Shelving location Date acquired Total Checkouts Full call number Date last seen Price effective from Koha item type
    Dewey Decimal Classification     Non-fiction Dr. S. R. Lasker Library, EWU Dr. S. R. Lasker Library, EWU E-book 18/07/2018   518 YAA 2005 18/07/2018 18/07/2018 E-Book